| 000 | 00866nam a2200193 a 4500 | ||
|---|---|---|---|
| 008 | 160222s2007 ||||||||||||||||| || u | ||
| 020 | _a9780521827140 | ||
| 050 | _aQR 201.H48 Hum | ||
| 100 | _aArvin, Ann | ||
| 245 | 1 | 0 |
_aHuman herpesviruses: biology, therapy, and immunoprophylaxis _cEdited By Ann Arvin, Gabriella Campadelli-Fiume, Edward Mocarski, Patrick S. Moore,Bernard Roizman, Richard Whitley and Koichi Yamanishi |
| 260 |
_aCambridge: _bCambridge University Press _c2007 |
||
| 300 | _axx, 1388p.: ill. | ||
| 350 | _a810.00 | ||
| 650 | _aHERPESVIRUS VACCINES | ||
| 650 | _aANTIVIRAL AGENTS | ||
| 650 | _aHERPESVIRUS DISEASES | ||
| 650 | _aHERPESVIRUS INFECTIONS | ||
| 995 |
_aMEDICAL LIBRARY OPEN ACCESS _e903504 _FCBU-SCHOOL OF MEDICINE LIBRARY (Ndola) _I810.00 _jQR 201.H48 Hum _M1 _UAVAILABLE _WFeb 29, 2016 _y903504 _ZMedical Library Open Access Collection |
||
| 999 |
_c31728 _d31728 |
||